00654nam a2200181 a 450000100100000000500170001000800410002702000150006804000250008308200150010810000350012324501080015826000600026630000150032650000420034150000350038350400540041800001084820200929162314.0091012s1978 dr b 000 0 spa d a8484010139 aDO-SdBNPbspacBNPHU axxxbL595s1 aLepellertier de Saint Remy, R.10aSanto Domingo :bestudio y solución nueva de la cuestión haitiana /cR. Lepellertier de Saint Remy. aSanto Domingo :bEditora de Santo Domingo, S.A.,c1978. av. ;cmap. aIncluye notas al pie de las páginas aLa biblioteca posee el vol. II aIncluye referencias bibliográficas (p. 393-405)